00447nam a2200145 a 450000100100000000500170001000800410002704000250006824500180009326000390011130000200015004900090017095201050017999900170028400003169120200930063116.0110630s19uu dr 000 0 spa d aDO-SdBNPbspacBNPHU03aEl gran reto. aSanto Domingo :b[s. n.],c[190?]. a32 p. ;c22 cm. aBNPD 0010718PDaPDbPDcCTd2011-06-30iLF1l0o p31691-10r2020-06-25w2020-06-25yLFPDZNo se presta c31183d31183